| 000 | 00987cam a2200241 4500 | ||
|---|---|---|---|
| 001 | ABS66908 | ||
| 008 | 030806n2003 000 0 eng u | ||
| 035 | _a(Sirsi) u123217 | ||
| 100 | _aDowden, M. | ||
| 245 | _aRight the wrongs | ||
| 260 | _c2003 | ||
| 490 |
_aEstates Gazette _v(0328) 12 July 2003, 110-111(2) |
||
| 520 | _aAims to clarify the misunderstandings that arise about how compliance with the Disability Discrimination Act 1995 (DDA) will affect rent reviews. Sets out the key points of the DDA, how DDA duties will impact on rent reviews; what constitutes a 'reasonable' adjustment and adjustments that pay off. | ||
| 590 | _aABS | ||
| 650 | _aDISABILITY DISCRIMINATION ACT 1995 | ||
| 650 | _aCOMPLIANCE | ||
| 650 | _aREASONABLE ADJUSTMENTS | ||
| 650 | _aMANAGEMENT-BUSINESS MANAGEMENT-DISCRIMINATION-DISABILITY DISCRIMINATION-ACCESSIBILITY | ||
| 650 | _aRENT REVIEWS | ||
| 650 | _aSERVICE PROVIDERS | ||
| 690 | _aPROPERTY-LANDLORD AND TENANT | ||
| 942 | _n0 | ||
| 999 |
_c73176 _d73176 |
||